000 00935nam a2200217 i 4500
001 141760
003 ES-MaACL
005 20260505171013.0
007 t|
008 070927s1911 sz ||||1| fre d
100 1 _aVinet, Alexandre.
_9115326
245 1 0 _aEtudes sur la littérature française au XIX siécle
_b: . Tome premier : Madame de Stèael et Chateaubriand /
_cAlexandre Vinet ; texte de l'edition posthume de 1848 revu et complété d'aprés les documents originaux et précédé d'une préface par Paul Sirven.
260 _aLaussane :
_bGeorge Bridel et Cie,
_c[1911] (
_fImp. Réunies)
300 _aXXX, 560 p. ;
_c23 cm.
600 1 4 _aStaël-Holstein, Germaine de,
_d1766-1817
_9107844
600 1 4 _aChateaubriand, François-René,
_cvicomte de,
_d1768-1848
_938177
650 4 _aLiteratura francesa-
_yS.XIX.
_914588
700 1 _aSirven, Paul.
_9106685
852 _aES-MaACL
_jB-13655
999 _c141760
_d141760